[Event "Linares Anibal Open 8th"]
[Site "Linares"]
[Date "2001.01.16"]
[Round "9"]
[White "Turov, Maxim"]
[Black "Felgaer, Ruben"]
[Result "1-0"]
[WhiteElo "2546"]
[BlackElo "2420"]
[EventDate "2001.01.08"]
[PlyCount "81"]
[EventType "swiss"]
[EventRounds "11"]
[EventCountry "ESP"]
[Source "ChessBase"]
[SourceDate "2001.03.20"]
[WhiteTeamCountry "GER"]
[BlackTeamCountry "GER"]

1. e4 c5 2. Nf3 Nc6 3. Bb5 d6 4. O-O Bd7 5. Re1 a6 6. Bf1 g6 7. c3 Bg7 8. 
d4 cxd4 9. cxd4 Bg4 10. d5 Nd4 11. Nc3 Bxf3 12. gxf3 e5 13. dxe6 Nxe6 14. 
Be3 Be5 15. Nd5 Qh4 16. f4 Nxf4 17. Bxf4 Bxf4 18. Nxf4 Qxf4 19. e5 Rd8 20.
 Qd5 Qg5+ 21. Bg2 Kf8 22. Rad1 Nh6 23. e6 Qxd5 24. e7+ Kg7 25. Rxd5 Rb8 
26. Rxd6 Nf5 27. Rb6 Rhe8 D {How should White proceed?

----------------


Not with Rxb7? Rxb7 2 Bxb7 because after 2 . . . a5 and . . . Rxe7 he 
would have to work very hard to promote a queenside pawn. Much easier is 
advancing his queenside pawns before taking on b7. The game went} 28. b4! 
( 28. Rxb7? Rxb7 29. Bxb7 a5 30. a4 Rxe7 ) 28. ... Rxe7 ( 28. ... Nxe7 29.
 Rxb7 Nf5 30. Rxe8 Rxe8 31. Bd5 Rd8 32. Rxf7+ Kh6 33. Be6 += ) 29. Rxe7 
Nxe7 30. a4! D {The pawns at a6 and b7 aren't going to escape. White wil l
play a4-a5 and
then take on b7, after which it should be easy to create a winning passer.
In the game Black saw how hopeless passive defense is and tried} 30. ... 
Rc8 31. Bxb7 Rc1+ 32. Kg2 Nf5? {But he could have resigned after} ( 
32. ... a5! 33. bxa5 Rc4 34. a6 Rxa4 ) 33. Kf3 Rc3+ 34. Ke4 a5 35. bxa5 
Rc4+ 36. Kd5 Rxa4 37. a6 Ra2 38. Rb4 Ra5+ 39. Kc6 Ra2 40. Kb6 Nd6 41. a7 
1-0

[Event "POL Ch 67th"]
[Site "Warsaw POL"]
[Date "2010.01.14"]
[Round "6"]
[White "Bartel, Mateusz"]
[Black "Krasenkow, Michal"]
[Result "1-0"]
[WhiteElo "2614"]
[BlackElo "2655"]
[EventDate "2010.01.09"]
[Annotator "Bartel,M"]
[PlyCount "79"]
[EventType "swiss"]
[EventRounds "9"]
[EventCountry "POL"]
[Source "ChessBase"]
[SourceDate "2010.03.03"]
[WhiteTeamCountry "RUS"]
[BlackTeamCountry "ISR"]

1. e4 c5 2. Nf3 Nc6 3. Bb5 e6 4. O-O Nge7 5. c3 a6 6. Ba4 c4 7. d4 cxd3 8.
 Bf4 {An interesting idea of Bartlomiej Macieja. White takes control over 
the h2-b8 diagonal, which creates some problems with the black squares for
Black.} 8. ... Ng6 9. Bg3 b5 10. Bb3 Na5 11. Qxd3 Nxb3 12. axb3 Bb7 13. c4
{A logical novelty compared to the game B. Macieja - M. Krasenkow, Najdorf
Memorial 2009. Macieja then chose 13. b4, but he didn't obtain any serious
advantage. It's very interesting that 13. c4 is a suggestion of ... Michal
Krasenkow. He published it in his comments in Chess Informant. I was told 
about it only after the game, which was a big surprise to me. From my 
point of view, pushing the c-pawn is much more logical - White wants to 
stop ...d7-d5 and put pressure on the d-file.} 13. ... Be7 ( 13. ... b4!? 
14. Nbd2 Be7 15. Bd6 {White should be better, although Black's position 
with the pair of bishops still is not that bad - maybe it's possible to 
get some counterplay connected with ...f7-f5?} ) 14. Nc3 b4 ( 14. ... Qb6 
{This is certainly logical in conjunction with the pair of bishops, but I 
don't believe it's solving Black's problems.} ) 15. Na4! {This is what my 
opponent underestimated. At first sight the knight is cut off on a4, but 
in fact it's extremely dangerous. Black has nothing better than exchanging
this knight as soon as possible, otherwise c4-c5 and than Na4-b6 will 
come.} 15. ... O-O 16. Rfd1 ( 16. c5? {due to} 16. ... f5! ) 16. ... Bc6 (
16. ... f5 {is a mistake due to} 17. exf5 exf5 18. Ne5! f4 19. Nxg6 hxg6 
20. Qxd7! ) 17. Nd4 Bxa4 18. Rxa4! {My opponent expected me to recapture 
with the pawn, but the text move is much stronger. Now Black is surely 
worse - the pawns a6 and d7 are weak and the black knight on g6 is badly 
placed.} 18. ... Qb6 19. Nf3 {Multi-functional move. Sometimes it helps to
play Bd6, sometimes the pawn on d7 is hanging, but the most important role
of this move is to prepare h2-h4.} 19. ... Qb7? {A very serious mistake, 
which gives White the important a5-square for his rook, but it's not easy 
to say what is the correct option. If Black plays ...a5, then White can at
some point return with his knight:: Nf3-d4-b5.} 20. h4! {It's visible that
Black is in a serious troubles now. If you don't stop the h4-pawn it's 
extremely dangerous for the black king, and if you stop this guy...} 
20. ... h5? {... you can almost resign due to...} 21. Ra5! {... and the 
pawn on h5 is lost. That's why ...Qb7 was a big mistake. Now the game is 
in fact finished, however some technique is still needed.} 21. ... f6 22. 
Rxh5 ( 22. Qxd7 {was also good enough.} ) 22. ... e5 23. Rf5 D {Black is a
pawn down and faced with the prospect of losing another, on d7.
If he defends it with 23 . . . .Rad8 or Rfd8, White plays 24 h5. After the
Black
knight retreats to f8 or h8, White makes inroads with  Nh4 and Ng6. That 
would sentence Black to difficult defense with virtually no counterplay.
He made a practical decision. He chose} 23. ... Bc5 {to get the most piece
activity he could. Then} 24. h5! {A so-called human decision. Computers 
would never do this, but they would be happy with a pawn up. But from the 
human point of view it's much easier to play this position without the 
black knight, with completely blocked Black's position.

"Of course, computers condemn the Exchange sacrifice," he wrote. "But
after it, White's play is very simple." On the other hand, he added, 
"Black's
defense, in view of his weakness and his useless bishop on c5, is very 
hard."
What White meant is that after} ( 24. Qxd7 Qxd7 ( 24. ... Qxe4 25. Qe6+ 
Rf7 26. Qxf7+ Kxf7 27. Ng5+ Kg8 28. Nxe4 ) 25. Rxd7 Ne7 26. Rh5 Rad8 ( 
26. ... g6 27. Nxe5 gxh5 {make
White's life difficult.} ) ) ( {He can avoid the
complications with} 24. Ne1 Ne7 25. Rf3 d6 26. Qe2 ) 24. ... Ne7 25. Nh4 
Nxf5 26. Nxf5 D {he can just throw
everything he has against the target at g7. What's more, his moves are 
easy to find. He can't be stopped from getting
his queen and rook to the g-file. He can also use his bishop to attack f6 
from h4
and look for a chance to break through at g7.

This kind of pragmatism separates many of today's masters from the
maximalists of the past. Great players like Alexander Alekhine or Mikhail
Botvinnik claimed they always sought the objectively best move. It didn't
matter how difficult it was to wade through the complications. They wanted
the
best.
Today's masters are willing to admit when they take the easy way out - and
they say there's nothing wrong with it. They still want more out of a 
position
than non-masters. But they recognize the limits of what you can do while 
your
clock is burning minutes.
In this game, White created a situation in which he can play his next five
or
so moves almost with his eyes closed. Play proceeded with} 26. ... d6 27. 
Qf3 ( 27. Bh4 Qf7 28. Qe2 {and then with Rd3-Rg3 the rook comesinto the 
attack first..} ) 27. ... Qf7 ( 27. ... a5 {to create some counterplay, 
but probably it's not really serious.} ) 28. Qg4 Kh7 ( 28. ... Kh8 {to 
avoid Rg7+ in some lines, but of course it seems to be suspicious when the
knight can so quickly move to g6.} ) 29. Rd3 Rh8 ( 29. ... a5 {but the 
white attack is pretty fast.} ) 30. Bh4 Kg8 31. Rg3 Rh7 D {White was ready
to open his
eyes and look for big tactics.} 32. Qf3! a5 {This loses immediately, but 
in such positions it's better to die immediately.} ( 32. ... Kf8 33. Rg6 {
and after Qg4, h5-h6 will be decisive.} 33. ... Ra7 34. Nxg7 Rxg7 35. Rxf6
) ( 32. ... Qxh5 {there are several solutions} 33. Rxg7+ Kf8 34. Rxh7 ( 
34. Qxh5 Rxh5 35. Bxf6 Ra7 36. Rxa7 Bxa7 37. Be7+ ) 34. ... Qxh7 35. Bxf6 
{and with such a king the game is over.} ) 33. Rxg7+! {A simple trick.} 
33. ... Rxg7 34. Nh6+ Kf8 35. Nxf7 Rxf7 36. Bxf6 {Now White is winning in 
all ways.} 36. ... d5 {Don't think that White saw all that when he 
sacrificed the Exchange. But he
didn't need to. He saw the positional compensation. We'll expand on that 
in the
next chapter.
But for the moment, let's appreciate how much White benefited from
pragmatism. The bonus he got from 2 h5 and 4 ltlxf5 was being able to play
several 'easier' moves that were obviously good. Black, with a much 
broader
choice of moves of uncertain value, had a tougher task.} 37. h6 dxc4 38. 
Qf5 c3 39. bxc3 bxc3 40. h7 1-0

[Event "RUS Team Ch"]
[Site "Dagomys"]
[Date "2008.04.06"]
[Round "5"]
[White "Alekseev, Evgeny"]
[Black "Radjabov, Teimour"]
[Result "0-1"]
[WhiteElo "2711"]
[BlackElo "2751"]
[EventDate "2008.04.02"]
[PlyCount "80"]
[EventType "team"]
[EventRounds "11"]
[EventCountry "RUS"]
[Source "ChessBase"]
[SourceDate "2008.05.28"]
[WhiteTeam "Saratov Economist"]
[BlackTeam "Ekaterinburg Ural"]
[WhiteTeamCountry "RUS"]
[BlackTeamCountry "RUS"]

{Work Load

Let's put that into perspective: Most would-be-masters can make the first 
ten
or so moves of a game without thinking. They rely on opening theory they
memorized.

A typical game lasts another 20 to 30 moves beyond that. Now, suppose we
subtract the automatic moves, such as recaptures and responses to simple 
threats
and checks from those 20 to 30 moves. What's left?

The bottom line is you may face no more than l 0 to 1 5 somewhat hard
choices in a game. Those choices typically cost you two thirds to three 
quarters
of the clock time you spend on the entire game.
Being able to play five 'easier' moves, means reducing your work load
considerably. This helps explain why you see masters winning tournaments
while taking less clock time than their opponents.
Consider how Black reduced his work load to a minimum in this example.} 
1. e4 c5 2. Nf3 Nc6 3. Bb5 e6 4. Bxc6 bxc6 5. d3 Ne7 6. Qe2 d5 7. c4 Ng6 
8. g3 Bd6 9. h4 D {As in many modem opening positions, the tension in the 
center is deliberate.
White is reluctant to exchange on d5 (say I . . . 0-0 2 exd5) because that
would
undouble Black's pawns (2 . . . cxd5) and liberate the c8-bishop.
Black, on the other hand, has to think twice about exchanging on c4 or e4
because it would leave him with ugly, apparently undissolvable c-pawns. 
And
l . . . d4? is a positional error that closes the position to the benefit 
of White's
knights. Therefore you might expect the center to remain the way it is for
several
more moves.
Nevertheless, once Black saw} 9. ... dxc4! ( 9. ... f6 10. h5 Ne5 11. Nxe5
Bxe5 12. Nd2 O-O 13. Nf3 Bc7 =+ ) 10. dxc4 e5! {he realized how strong
it was. How strong - and how practical.
Black can continue with a maneuver of his knight through f8 and e6 to the
splendid d4 square. Unlike some good (but impractical) plans, this one 
cannot
be stopped.
Because of White's weakness at f3, once the knight lands on d4 he will be
more or less forced into Nxd4. Then . . . cxd4 will tum Black's pawns from
a
liability into a major asset. He will have a protected passer on d4 and no
weak
pawns.
White had a lot to think about in the next three turns. Black didn't.
Play continued} 11. Nbd2 Nf8 12. Nf1 Ne6 13. Ne3 Nd4 14. Nxd4 cxd4 15. Nf5
D {Black has his first real choice since 2 . . . e5 ! . He considered 
preserving his
bishop with 7 . . . .Bf8 and then driving the knight back with 8 . . . g6.
That's not a bad plan. The knight won't find any great squares and Black's
bishops look good after, perhaps, 8 h5 g6 9 hxg6 fxg6 I0 Nh6 Be6.
Yet Black opted for a simpler policy - largely because it was simpler and
easier. He can trade bishops and castle, followed by piling up on the 
b-file.
It was, once again, a plan that couldn't be forestalled and required 
hardly any
calculation. Play went} 15. ... Bb4+ 16. Bd2 Bxd2+ 17. Qxd2 O-O 18. g4 {
Black looked at 1 0 . . . c5 but had doubts about what would
happen after g5 because a trade of queens helps White.
Instead, he played} 18. ... f6 19. f3 Be6 20. c5 {Black finds himself with
an opportunity to carry out another eyes-closed
plan. He can double his heavy pieces against the target at b2 by means of 
. . . a5,
. . . Qb8 followed by . . . Ra7-b7 or . . . Qb4/ . . . l:.tb8.
The effectiveness of this plan was shown by the next few moves} 20. ... a5
21. b3 Qb8 22. Kf2 {Black had more 'easier' moves coming up and his 
advantage grew with} ( 22. Ne7+? Kf7 23. Nxc6? Qc7 ) 22. ... Ra7 23. Rhc1 
Qb4 24. Qd3 a4! {Of course, he made some difficult choices in the course 
of the game, such as
l . . . dxc4 and 1 0 . . . f6 and the rejection of 7 . . . Bf8. But he 
also played many
more ' easier' moves. That's the mark of a pragmatic master.
} 25. bxa4 Qxa4 26. Kg3 g6 27. Nd6 Qa3 28. Qd2 f5 29. gxf5 gxf5 30. exf5 
Rg7+ 31. Kh2 Qxf3 32. Rg1 Bxf5 33. Nxf5 Rxf5 34. Rxg7+ Kxg7 35. Qg2+ Qxg2+
36. Kxg2 e4 37. a4 e3 38. a5 e2 39. a6 d3 40. a7 Rf8 0-1

[Event "World Championship 34th-KK4"]
[Site "Seville ESP"]
[Date "1987.10.19"]
[Round "4"]
[White "Kasparov, Garry"]
[Black "Karpov, Anatoly"]
[Result "1-0"]
[WhiteElo "2740"]
[BlackElo "2700"]
[EventDate "1987.10.??"]
[Annotator "Bulletin"]
[EventType "match"]
[EventRounds "24"]
[EventCountry "ESP"]
[Source "ChessBase"]
[SourceDate "1999.07.01"]
[WhiteTeamCountry "GER"]
[BlackTeamCountry "GER"]

1. c4 Nf6 2. Nc3 e5 3. Nf3 Nc6 4. g3 Bb4 5. Bg2 O-O 6. O-O e4 7. Ng5 Bxc3 
8. bxc3 Re8 9. f3 exf3 ( 9. ... e3 10. d3! d5 11. Qb3! += ) 10. Nxf3 Qe7?!
( 10. ... d5 11. cxd5 Qxd5 12. Nd4 Qh5 13. Nxc6 bxc6 14. e3 ~ ) 11. e3 Ne5
{N; 11. ..d6+/= - 16/47} 12. Nd4! ( 12. Nxe5 Qxe5 13. Rb1 ( 13. Qf3 d6 14.
 Qf4 Qh5 ) 13. ... Rb8 14. e4 {/\} ( 14. Rb5 {/\ d3} ) ( 14. d3 d5 15. 
cxd5 Nxd5 16. d4 ( 16. Qb3 Be6 17. c4 ~ ( 17. d4!? {/\ c4} ) ) 16. ... Qe6
17. Qd3 Nf6 18. c4 += ) 14. ... Nxe4? 15. Re1 Qf5 16. Qe2 +- ) 12. ... Nd3
D {The 1987 world championship match was a case study of how to shift the
work load to your opponent. Of the eight decisive games, six were lost due
to
time pressure mistakes by the player who had been repeatedly forced to 
make
hard choices earlier.
Anatoly Karpov said it was because of difficult middlegame decisions he
had to make in the critical, final game that he dido 't have 20 seconds at
the point
when the game - and match - were decided. "Imagine," he said years later. 
"For
20 seconds I lost the world championship title, and if you're talking 
about
money, 600,000 dollars."} ( 12. ... Nxc4 13. e4 ( 13. Nf5 Qe5 14. d3 Nd6 ~
( 14. ... Qxc3? 15. Rb1 +/- ) ) 13. ... d6 ( 13. ... Nxe4 14. Bxe4 Qxe4 
15. d3 +/- ) 14. d3 c5 15. Nc2! {/\ Bg5, Ne3~/=} ) 13. Qe2 ( {White spent 
34 minutes on this move. But thanks to his decision he dido 't
spend more than 14 minutes on any of the game's remaining moves.
The press room GMs expected a Kasparovian 13 Nf5 because it complicates} 
13. Nf5!? Qc5 ( 13. ... Qd8 {Black has a difficult defense but White
has a difficult attack.
Instead, White forced matters with} ) 14. Nh6+ Kf8 15. Rxf6 gxf6 16. Bd5 {
with a brutal attack.
Objectively, 13 Nf5 may be the best move. But it leaves White with a lot 
to think about after Qd8} ) 13. ... Nxc1 14. Raxc1 d6 {Black was nearly 
half an hour ahead on the clock. But his time edge soon
vanished because White could play several progress-making plus-moves, such
as Rf4, Rcf1 , Qd3 and Nf5 .
Black, on the other hand, has to decide what to do with his center pawns
( . . . c6 or . . . c5), to complete development and to watch out for an 
Exchange
sacrifice on f6.
Play went} 15. Rf4 c6 16. Rcf1 {He spent time to find} 16. ... Qe5 ( 
16. ... Be6? 17. Rxf6! gxf6 18. Be4 Qf8 ( 18. ... f5 19. Bxf5 Bxf5 20. 
Nxf5 Qf6 21. Qh5 â†‘ ) ( 18. ... Bxc4 19. Bxh7+ Kxh7 20. Qh5+ Kg8 21. Nf5 
Qf8 22. Rf4 +- ) 19. Qh5 Qg7 20. Rf4 +/- ) 17. Qd3! Bd7 {B y now White was
ready to force a trade of minor pieces} ( 17. ... Rf8!? 18. Nf5 Bxf5 19. 
Rxf5 Qe7 {/\ Nd7} ) ( 17. ... Qh5? 18. Rxf6! ) 18. Nf5 Bxf5 19. Rxf5 {
Afterwards, analysis determined that Black should have retreated his queen
to e7, now or on the next move. But in trying to navigate his way through 
the
complications, he chose } 19. ... Qe6 20. Qd4 Re7? 21. Qh4! ( 21. Rxf6 
gxf6 22. Rxf6 Qe5 23. Rxd6 ( 23. Qg4+ Kh8 24. Rf5 Qe6 25. Qf4 Rg8 ) 
23. ... Qxd4 24. cxd4 =/& ) 21. ... Nd7 22. Bh3! Nf8 {White's advantage 
had grown and he was ahead on the clock. Once again the
GM analysts argued in favor of a sharp candidate, such as Rxf7 or Rg5 or
even Rb5 .
But White spent just four minutes on the safe - and 'easier '} 23. R5f3! {
It
forces a highly favorable endgame} ( 23. Rb5!? Ng6 24. Bxe6 Nxh4 25. Rxf7!
Rxe6 26. Rbxb7 Ng6 27. Rxg7+ Kf8 28. Rbf7+ Ke8 29. Rxh7 +/- ) 23. ... Qe5 
24. d4 Qe4 25. Qxe4 Rxe4 26. Rxf7 Rxe3 27. d5! ( 27. Rxb7! {would have won
quickly. It was a rare case of
Karpov being outplayed in a relatively simple position - and it happened
because the work load had been shifted to him} ) 27. ... Rae8 ( 27. ... 
Rxc3?? 28. Rxf8+ +- ) 28. Rxb7? ( 28. c5! dxc5 29. d6 Rd3 30. d7 Rd8 31. 
Re7 Nxd7 32. Be6+ Kh8 33. Bxd7 +- ) 28. ... cxd5 29. cxd5 R3e7 30. Rfb1 h5
( 30. ... Kf7 {>=; /\ Kf6-e5} ) 31. a4! g5 32. Bf5 ( 32. a5 {>=} 32. ... 
g4 33. Bf1 +- ) 32. ... Kg7 33. a5 Kf6 34. Bd3 Rxb7 35. Rxb7 Re3 36. Bb5 
Rxc3 37. Rxa7 Ng6 38. Rd7 Ne5 39. Rxd6+ Kf5 40. a6 Ra3 41. Rd8 1-0

[Event "HUN Ch 53rd"]
[Site "Heviz"]
[Date "2003.05.16"]
[Round "5"]
[White "Cao, Sang"]
[Black "Almasi, Zoltan"]
[Result "0-1"]
[WhiteElo "2531"]
[BlackElo "2676"]
[EventDate "2003.05.12"]
[Annotator "Wedberg"]
[PlyCount "82"]
[EventType "tourn"]
[EventRounds "9"]
[EventCountry "HUN"]
[EventCategory "13"]
[Source "ChessBase"]
[SourceDate "2003.09.25"]
[WhiteTeamCountry "FRA"]
[BlackTeamCountry "FRA"]

1. e4 e5 2. Nf3 Nc6 3. Bb5 Nf6 4. Bxc6 dxc6 5. d3 {White battles the 
Berlin defence in a slightly unusual fashion. The idea to exchange on c6 
and then play d3 is a well known theme in the Ruy Lopez, but in this case 
Black seems to have a rather easy game.} 5. ... Bd6 6. Nbd2 Bg4 7. h3 Bh5 
8. g4 {This weakens the K-side.} ( 8. Nf1 {to play Ng3 was safer.} ) 
8. ... Bg6 9. Nc4 ( 9. Nh4!? ) 9. ... Nd7 10. Bd2 Qe7 11. Qe2 O-O-O 12. 
O-O-O c5 13. Ne3 Qe6 14. Kb1 f6 {Black prepares to play for an attack on 
the white K.} 15. h4 Bf7 16. b3 Nb8 17. h5 h6 18. Nf5 Rhg8 19. N3h4 Nc6 
20. Qf1 a5! 21. a4 Nd4 22. Nxd4 ( 22. Bxa5 Nxb3! 23. cxb3 Qxb3+ 24. Kc1 b6
25. Nxd6+ Rxd6 26. Nf5 Rd7 27. Be1 Qa3+ 28. Kd2 Bb3 -+ ) 22. ... cxd4 23. 
Bxa5 Kd7! {The stage is set for a ferocious attack on the white K. It's 
difficult to find a good defensive plan. } 24. Kb2? ( 24. f4! Ra8 25. Qe1 
Qxg4 26. Rg1 Qxh5 27. Nf5 exf4 28. Rh1 Qg5 29. Bb4 += ) 24. ... Ra8 25. 
Qe1 Rgb8?! ( 25. ... b5! ) 26. Nf5 ( 26. Bd2! b5 27. a5 c5 ) 26. ... Bf8! 
{The N on f5 is `good` but it's doing absolutely nothing to help the K.} 
27. Bd2 b5 28. a5 c5 29. Ra1 c4 30. Bb4 D c3+ 31. Bxc3 Rc8!! {Nice move. 
Taking on c3 wasn't bad, but this is a killer.} ( 31. ... dxc3+ 32. Qxc3 
b4 33. Qd2 Rb5 ) 32. Bxd4! {This is best because if Black wins the queen  
32. ... Rxc2+! 33. Kxc2 Qxb3+ 34. Kd2 Bb4+ 35. Ke3 Bxe1 

White can hold out for quite a while by playing  36. Rhxe1 cxd5+ 37.Nxd4 }
( 32. Bb4 Rxc2+! -+ ) 32. ... exd4?! {Once again we would have a situation
in which Black should win because of
superior material, a queen versus a rook and some pawns. But he would have
to
navigate slowly, perhaps with} ( 32. ... Rxc2+! 33. Kxc2 Qxb3+ 34. Kd2 
Bb4+ 35. Ke3 Bxe1 36. Rhxe1 Bc4 37. Red1 Rxa5 38. Rxa5 Qxd1 39. Ra7+ Ke8 
40. dxc4 exd4+ -+ ) 33. Qd2 Qe5 34. b4 Rc3 35. f4 Qc7 36. Qf2 Ke8 37. Rhc1
Rc8 38. e5 Bxb4 39. exf6 gxf6 40. Nxd4 Qc5 41. Kb1 Rb3+! 0-1